Statistics for What countries own these places?

Click here to take the quiz!

General Stats

  • This quiz has been taken 67 times
    (35 since last reset)
  • The average score is 12 of 13

Answer Stats

PlaceCountry% Correct
TibetChina
100%
GreenlandDenmark
100%
BavariaGermany
100%
SardiniaItaly
100%
SiberiaRussia
100%
CataloniaSpain
100%
GuamUnited States of America
100%
YukonCanada
97%
YucatanMexico
97%
BermudaUnited Kingdom
94%
Easter IslandChile
84%
VictoriaAustralia
81%
East ThraceTurkey
53%

Score Distribution

Percentile by Number Answered

Percent of People with Each Score

Your Score History

You have not taken this quiz since the last reset